1978 FIFA World Cup Team Logos - Statistics

General Stats
  • This quiz has been taken 66 times
  • The average score is 15 of 16
Answer Stats
Picture Answer % Correct
Italy
100%
Sweden
100%
Argentina
98%
Brazil
98%
Austria
96%
France
96%
Mexico
96%
West Germany
96%
Hungary
95%
Netherlands
95%
Peru
91%
Scotland
91%
Poland
86%
Tunisia
84%
Spain
80%
Iran
71%
No matching quizzes found
Score Distribution
Percent of People with Each Score
Percentile by Number Answered
Your Score History
You have not taken this quiz